| 000 | 00830nam a2200277Ia 4500 | ||
|---|---|---|---|
| 003 | OSt | ||
| 005 | 20220926025945.0 | ||
| 006 | a|||||r|||| 00| 0 | ||
| 007 | ta | ||
| 008 | 220923b |||||||| |||| 00| 0 eng d | ||
| 020 | _a9264129456 | ||
| 037 | _cGeneral Book | ||
| 040 |
_aRTL _cRTL _beng |
||
| 041 |
_2eng _aeng |
||
| 082 | _aX9(F182).1(X).N8, M7 | ||
| 100 |
_aBrown Martin _9333249 |
||
| 110 |
_aOECD _9274177 |
||
| 245 | 0 | _aAluminium copper and steel in developing countries | |
| 260 |
_aParis _bOrganisation for Economic Cooperaiton and Development _c1987 |
||
| 300 |
_a137p _ccm. |
||
| 650 | _aIron and Steel Industry | ||
| 700 |
_a Mckern Bruce _9286918 |
||
| 700 |
_aOECD _9274178 |
||
| 942 |
_hX9(F182).1(X).N8, M7 _cGB _2CC |
||
| 999 |
_c648284 _d648284 |
||